000 00414nam a2200157Ia 4500
008 230917s9999||||xx |||||||||||||| ||und||
040 _e201704
_aMAIN
041 _aEnglish
082 _a660.60243637 E15E(2)
100 _aEvans, Gareth M
245 0 _aEnvironmental biotechnology: Theory and applications
250 _a2nd ed.
260 _aHoboken
_bJohn Wiley
_c2011
300 _axii, 275 p.
942 _cBK
999 _c111664
_d111664